000 01197nam0a22002771 4500
001 rc\3962606
005 20250610132428.0
035 _a(NLR Aleph) 007928378
090 _a8202554
_c8202554
100 _a20130415d1955 |||y0rusy50 ca
101 0 _arus
102 _aRU
105 _aa z |||||
200 1 _aТехнология электроискрового упрочнения деталей машин и инструментов
_fАкад. наук СССР. Ин-т техн.-экон. информации
210 _aМосква
_cБ. и.
_d1955
215 _a16 с.
_cил.
_d25
225 1 _aПериодическая информация
_vТема № 13 [10]. № К-55-29
300 _aНа обл. авт. не указан
300 _aПеред загл. авт.: канд. техн. наук Г.П. Иванов
700 1 _7ca
_8rus
_aИванов
_bГ.П.
_cканд. техн. наук, электрическая обработка металлов
_gГеоргий Петрович
_9267359
_3RU\NLR\AUTH\770267415
801 0 _aRU
_bNLR
_gpsbo
801 1 _aRU
_bELAR
_2rusmarc
852 _aNLR
_jТ10 Г-8/85-13-10
942 _cBOOK
980 _aNB